Obras completas / (Registro nro. 24103)
[ vista simple ]
| 000 -CABECERA | |
|---|---|
| campo de control de longitud fija | 00912nam a2200229 a 4500 |
| 001 - NÚMERO DE CONTROL | |
| campo de control | 000024610 |
| 005 - FECHA Y HORA DE LA ÚLTIMA TRANSACCIÓN | |
| campo de control | 20200930023251.0 |
| 008 - DATOS DE LONGITUD FIJA--INFORMACIÓN GENERAL | |
| campo de control de longitud fija | 110201s1962 mx r 000 0 spa d |
| 040 ## - FUENTE DE LA CATALOGACIÓN | |
| Centro catalogador/agencia de origen | DO-SdBNP |
| Lengua de catalogación | spa |
| Centro/agencia transcriptor | BNPHU |
| 082 ## - NÚMERO DE LA CLASIFICACIÓN DECIMAL DEWEY | |
| Número de clasificación | xxxxx |
| Número de documento/Ítem | M379o |
| 049 ## - FONDOS LOCALES (OCLC) | |
| Fondos de biblioteca | BNGR |
| 100 1# - ENTRADA PRINCIPAL--NOMBRE DE PERSONA | |
| Nombre de persona | Martín Du Gard, Roger |
| 9 (RLIN) | 50463 |
| 245 10 - MENCIÓN DE TÍTULO | |
| Título | Obras completas / |
| Mención de responsabilidad, etc. | Roger Martin Du Gard ; traducción Félix Caballero , Miguel Chamorro. |
| 250 ## - MENCIÓN DE EDICIÓN | |
| Mención de edición | 2a ed. |
| 260 ## - PUBLICACIÓN, DISTRIBUCIÓN, ETC. | |
| Lugar de publicación, distribución, etc. | México, D. F. : |
| Nombre del editor, distribuidor, etc. | Aguilar, |
| Fecha de publicación, distribución, etc. | 1962. |
| 300 ## - DESCRIPCIÓN FÍSICA | |
| Extensión | v. 2 ; |
| Dimensiones | 18.5 cm. |
| 500 ## - NOTA GENERAL | |
| Nota general | Incluye notas al pie de las páginas. |
| 505 0# - NOTA DE CONTENIDO CON FORMATO | |
| Información miscelánea | v. 2 |
| Título | Obras completas. |
| -- | Los thibault: el verano de 1914. |
| -- | Epílogo. |
| -- | Confidencia africana. |
| -- | Vieja francia. |
| -- | El testamento del tío Leleu. |
| -- | La hinchada. |
| -- | Un taciturno. |
| -- | Notas sobre André Gide. |
| 586 ## - NOTA DE PREMIOS | |
| Nota de premios | Premio nobel de literatura de 1937. |
| 700 1# - PUNTO DE ACCESO ADICIONAL--NOMBRE DE PERSONA | |
| Nombre de persona | Caballero, Félix, |
| Término indicativo de función/relación | tr. |
| 9 (RLIN) | 50464 |
| 700 1# - PUNTO DE ACCESO ADICIONAL--NOMBRE DE PERSONA | |
| Nombre de persona | Chamorro, Miguel, |
| Término indicativo de función/relación | tr. |
| 9 (RLIN) | 50465 |
| Estado de retiro | Estado de pérdida | Restricciones de uso | No para préstamo | Código de colección | Localización permanente | Ubicación/localización actual | Ubicación en estantería | Fecha de adquisición | Número de inventario | Total de préstamos | Signatura topográfica completa | Código de barras | Fecha visto por última vez | Precio válido a partir de | Tipo de ítem Koha |
|---|---|---|---|---|---|---|---|---|---|---|---|---|---|---|---|
| Monografías: Libros y Folletos | General | General | En catalogación | 01.02.2011 | LF1 | xxxxx M379o | 24610-10 | 25.06.2020 | 25.06.2020 | Préstamo en sala |
